000 01134cam a2200301 i 4500
999 _c17719
_d17719
001 2280744
003 BDDh-ASL
005 20231015025629.0
008 790416s1981 ilu b 001 0 eng
010 _a 79013021
020 _a0226846601 :
_c$12.00
020 _a0226846628 (pbk.) :
_c$4.95
040 _aDLC
_cDLC
_dBDDh-ASL
041 0 _aengsan
050 0 0 _aBL1130.A4
_bB84
082 0 0 _a294.5924
_bMAH
130 0 _aBhagavadgītā.
_lEnglish & Sanskrit.
245 1 4 _aThe Bhagavadgītā in the Mahābhārata :
_btext and translation /
_cJ. A. B. van Buitenen.
250 _aA Bilingual Edition
260 _aChicago :
_bUniversity of Chicago Press,
_cc1981.
300 _axii, 176 p. ;
_c24 cm.
504 _aIncludes bibliographical references and index.
700 1 _aBuitenen, J. A. B. van
_q(Johannes Adrianus Bernardus),
_d1928-1979.
856 4 2 _3Publisher description
_uhttp://www.loc.gov/catdir/enhancements/fy0642/79013021-d.html
856 4 1 _3Table of contents only
_uhttp://www.loc.gov/catdir/enhancements/fy0642/79013021-t.html
906 _a7
_bcbc
_corignew
_d1
_eocip
_f19
_gy-gencatlg
942 _2ddc
_cBK